| 000 | 00424nam a2200169Ia 4500 | ||
|---|---|---|---|
| 008 | 180207s9999 xx 000 0 und d | ||
| 020 | _a9780723239758 | ||
| 050 | _bP866 1990 | ||
| 100 | _aPotter, Beatrix. | ||
| 245 | 4 | _aThe tale of Benjamin bunny / | |
| 245 | _cBeatrix Potter. | ||
| 260 | _aNew Zealand : | ||
| 260 | _bFrederick Warne, | ||
| 260 | _c1990 | ||
| 300 | _a58 pages : | ||
| 300 | _bcolor illustration ; | ||
| 999 |
_c355202 _d355202 |
||